European hotel markets risk oversupply (Record no. 72997)

MARC details
000 -LEADER
fixed length control field 00944cam a2200193 4500
001 - CONTROL NUMBER
control field WB3925-03
008 - FIXED-LENGTH DATA ELEMENTS--GENERAL INFORMATION
fixed length control field 030703n2003 000 0 eng u
035 ## - SYSTEM CONTROL NUMBER
System control number (Sirsi) u122916
245 ## - TITLE STATEMENT
Title European hotel markets risk oversupply
260 ## - PUBLICATION, DISTRIBUTION, ETC.
Date of publication, distribution, etc. 2003
490 ## - SERIES STATEMENT
Series statement Jones Lang LaSalle Press Release
Volume/sequential designation 26 June 2003 (2)
520 ## - SUMMARY, ETC.
Summary, etc. Jones Lang LaSalle Hotels' "European Digest 2003" reveals a significant increase in new hotels under development in Europe and questions whether the market can support this supply. It is estimated that 4.7bn euros will be invested in new hotel construction in Europe in the three years between 2003-05. Includes European hotel markets potential winners and losers. www.joneslanglasalle.com/news/2003/06Jun/hotelsupplygrowth.asp
590 ## - LOCAL NOTE (RLIN)
Local note WB
650 ## - SUBJECT ADDED ENTRY--TOPICAL TERM
Topical term or geographic name entry element EUROPE
650 ## - SUBJECT ADDED ENTRY--TOPICAL TERM
Topical term or geographic name entry element HOTEL MARKET
650 ## - SUBJECT ADDED ENTRY--TOPICAL TERM
Topical term or geographic name entry element INVESTMENT MARKET
690 ## - LOCAL SUBJECT ADDED ENTRY--TOPICAL TERM (OCLC, RLIN)
Topical term or geographic name as entry element PROPERTY-COMMERCIAL PROPERTY-COMMERCIAL PROPERTY MARKET
942 ## - ADDED ENTRY ELEMENTS (KOHA)
Suppress in OPAC 0
Holdings
Withdrawn status Lost status Source of classification or shelving scheme Damaged status Not for loan Home library Current library Shelving location Date acquired Total Checkouts Full call number Barcode Date last seen Copy number Price effective from Koha item type
    Dewey Decimal Classification     London London News article 03/07/2003   WB3925-03 122916-1001 06/08/2019 1 06/08/2019 News article